| 000 | 00605nam a2200145 a 4500 | ||
|---|---|---|---|
| 008 | 071211s2007 ||||||||||||||||| || u | ||
| 020 | _a9780821371930 | ||
| 050 | _aRA 410.55.D48 Hea | ||
| 110 | _aWorld Bank | ||
| 245 | 1 | 0 | _aHealthy Development: the world strategy for health, nutrition,& population results |
| 260 |
_aWashington, D. C. _bWorld Bank _c2007 |
||
| 300 | _axix, 220p. :ill. | ||
| 350 | _a0.00 | ||
| 995 |
_aMEDICAL LIBRARY OPEN ACCESS _D0.00 _e744896 _FCBU-SCHOOL OF MEDICINE LIBRARY (Ndola) _H1 _I0.00 _jRA 410.55.D48 Hea _M1 _UAVAILABLE _WJan 10, 2008 _y55897 _ZMedical Library Open Access Collection |
||
| 999 |
_c31669 _d31669 |
||